00686 2200229 4500001002100000005001700021008004100038020002200079035002500101040001200126082001900138084001900157090001900176100001800195245009600213260002800309300003500337500003100372650002100403850001200424990002000436INLIS00000000000114520141211093937.0  a978-602-258-067-6 a0010-121400000000227 aYOPDYOG aDEP 297.54 Hil aDEP 297.54 Hil aDEP 297.54 Hil aHILMAN LATIEF aPolitik filantropi Islam di Indonesia:bnegara, pasar dan masyarakat sipilc/ Hilman Latief aYogyakartabOmbakc2013 axviii, 226 hlm. ; 21 cmc21 cm aBibliografi : hlm. 211-220 aIndonesia - Amal aYOPDYOG aCB-D.112013-940